000 00562nam a2200241Ia 4500
005 20260306150159.0
008 008 260114s9999 xx 000 0 eng d
020 _a9780824845384
037 _aEbook
040 _aCRL
040 _beng
040 _cCRL
041 _2eng
041 _aeng
084 _qCRL
245 0 _aHeidegger and Asian Thought
260 _bUniversity of Hawaii Press
260 _c1987
650 _aPhilosophy
856 _uhttps://www.degruyter.com/isbn/9780824845384
942 _cEBOOK
999 _c1694482
_d1694482